| 000 | 00905nam a22002177a 4500 | ||
|---|---|---|---|
| 999 |
_c58897 _d58897 |
||
| 003 | Ge_BSU | ||
| 005 | 20221017135314.0 | ||
| 008 | 221017s2005 ge ||||| |||| 00| 0 geo d | ||
| 020 | _a9994016938 | ||
| 041 | _ageo | ||
| 080 | _a159.9 + 133.5+54 ი-93 | ||
| 100 |
_aიუნგი, კარლ გუსტავ _912135 |
||
| 245 |
_aფსიქოლოგია და ალქიმია / _cკარლ გუსტავ იუნგი ; [მთარგმნ.: მაია ბადრიძე ; რედ.: ლალი ქადაგიძე]. |
||
| 250 | _a[1-ლი ქართ. გამოც.]. | ||
| 264 |
_aთბ. : _bდიოგენე, _c2005. |
||
| 300 |
_a520 გვ. : _bნახ. ; _c22 სმ. |
||
| 504 | _aბიბლიოგრ.: გვ. 502-520. | ||
| 653 | _aფსიქოლოგია | ||
| 653 | _aალქიმია | ||
| 942 |
_2udc _cBK |
||